500 años de Resistencia Indigena y Popular
Guardat en:
| Format: | Text |
|---|---|
| Etiquetes: |
Afegir etiqueta
Sense etiquetes, Sigues el primer a etiquetar aquest registre!
|
MARC
| LEADER | 00000 a a2200000 04500 | ||
|---|---|---|---|
| 001 | 442 | ||
| 003 | |||
| 040 | |||
| 245 | |a 500 años de Resistencia Indigena y Popular | ||
| 773 | |g número 121; ps. 2-6 | ||
| 999 | |c 39928 |d 39928 | ||
